| 000 | 00547nas a2200193 a 4500 | ||
|---|---|---|---|
| 001 | 000036952 | ||
| 003 | DLC | ||
| 005 | 20200930080037.0 | ||
| 008 | 120207c19429999dr wr1pdd 0 0spa d | ||
| 040 | _aDO-SdBNP | ||
| 043 | _anwdr | ||
| 245 | 0 | 0 | _aAcción semario enciclópedico. |
| 260 |
_aCiudad Trujillo, República Dominicana, _c1942. |
||
| 300 |
_a58p. ; _c18cm. |
||
| 310 | _asemanal | ||
| 362 | 1 | _aAño. 1 Núm.15 de Noviembre, 1942 | |
| 650 | 4 |
_aPoesía dominicana _xLiteratura dominicana _963346 |
|
| 651 | 4 |
_aRepública Dominicana _910483 |
|
| 999 |
_c36442 _d36442 |
||